Tukārāma : bhakticā ḍiṅgorā. (Record no. 68843)

MARC details
000 -LEADER
fixed length control field 00582cam a22002171 4500
001 - CONTROL NUMBER
control field sa 66003367
003 - CONTROL NUMBER IDENTIFIER
control field DLC
005 - DATE AND TIME OF LATEST TRANSACTION
control field 20260227112235.0
008 - FIXED-LENGTH DATA ELEMENTS--GENERAL INFORMATION
fixed length control field 890731s1962 ii 000 0 maro
010 ## - LIBRARY OF CONGRESS CONTROL NUMBER
LC control number sa 66003367
035 ## - SYSTEM CONTROL NUMBER
System control number (OCoLC)20103945
040 ## - CATALOGING SOURCE
Original cataloging agency DLC
Transcribing agency WaU
Modifying agency DLC
042 ## - AUTHENTICATION CODE
Authentication code premarc
050 00 - LIBRARY OF CONGRESS CALL NUMBER
Classification number PK2418.T8
Item number Z9
100 1# - MAIN ENTRY--PERSONAL NAME
Personal name Tulpule, Ganesh Vishnu,
Dates associated with a name 1890-
245 10 - TITLE STATEMENT
Title Tukārāma : bhakticā ḍiṅgorā.
260 ## - PUBLICATION, DISTRIBUTION, ETC.
Date of publication, distribution, etc. 1962.
300 ## - PHYSICAL DESCRIPTION
Extent 5, 19, 156. 7 p.
Dimensions 19 cm.
500 ## - GENERAL NOTE
General note In Marathi.
600 00 - SUBJECT ADDED ENTRY--PERSONAL NAME
Personal name Tukārāma,
Dates associated with a name approximately 1608-approximately 1649.

No items available.

Powered by Koha